| 000 | 00779nam a2200241 a 4500 | ||
|---|---|---|---|
| 008 | |||
| 020 | _a0751738263 (pbk.) | ||
| 049 | _aMAIN | ||
| 090 | _aHG186.G7 CHA | ||
| 100 | 1 | _aChartered Institute of Management Accountants | |
| 245 | 1 | 0 |
_aManagement accounting fundamentals : _bFoundation paper 2 / _cCIMA |
| 260 |
_aLondon : _bBPP, _c2001. |
||
| 300 |
_axiv, 306p. ; _c30 cm. |
||
| 440 | _aCIMA Practice and revision kit. | ||
| 500 | _aIncludes index. | ||
| 610 |
_a Chartered Institute of Management Accountants _xExams _vPractice and revision kit. |
||
| 650 | 1 | _aManagement accounting | |
| 907 |
_a.b10234214 _b22-02-07 _c21-02-07 |
||
| 003 | |||
| 005 | 20230123134408.0 | ||
| 040 | _cNUST | ||
| 942 |
_cBOOKS _kHG186.G7 CHA |
||
| 999 |
_c165178 _d165178 |
||